书目信息 |
| 题名: |
水质分析实用手册
|
|
| 作者: | ;哈希公司 编译 | |
| 分册: | ||
| 出版信息: | 北京 化学工业出版社 2010.01 |
|
| 页数: | 588页 | |
| 开本: | 26cm | |
| 丛书名: | ||
| 单 册: | ||
| 中图分类: | O661.1-62 | |
| 科图分类: | ||
| 主题词: | 水质分析--手册 , 水质分析 | |
| 电子资源: | ||
| ISBN: | 978-7-122-06708-1 | |
| 000 | 00957nam0 2200253 450 | |
| 001 | 010010037934 | |
| 005 | 20141218161641.46 | |
| 010 | @a978-7-122-06708-1@dCNY148.00 | |
| 100 | @a20100316d2010 em y0chiy0110 ea | |
| 101 | 0 | @achi |
| 102 | @aCN@b110000 | |
| 105 | @aak z 000yy | |
| 106 | @ar | |
| 200 | 1 | @a水质分析实用手册@9shui zhi fen xi shi yong shou ce@dWater analysis handbook@f哈希公司编译@zeng |
| 210 | @a北京@c化学工业出版社@d2010.01 | |
| 215 | @a588页@c图@d26cm | |
| 330 | @a本书是一本综合了从水样采集、保存,到分析操作、精度检查、方法原理的水质分析综合指导书。本书内容主要包括三部分。一是实验室基本操作理论;二是国内正在使用的哈希分析方法的详细介绍;三是哈希分析方法的原理以及饮用水卫生标准等。 | |
| 510 | 1 | @aWater analysis handbook@zeng |
| 606 | 0 | @a水质分析@j手册 |
| 606 | 0 | @a水质分析 |
| 690 | @aO661.1-62@v4 | |
| 711 | 02 | @a哈希公司@9ha xi gong si@4编译 |
| 801 | 0 | @aCN@bRENTIAN@c20100316 |
| 905 | @b546185-87@dO661.1-62@e6@f3 | |
| 水质分析实用手册=Water analysis handbook/哈希公司编译.-北京:化学工业出版社,2010.01 |
| 588页:图;26cm |
| ISBN 978-7-122-06708-1:CNY148.00 |
| 本书是一本综合了从水样采集、保存,到分析操作、精度检查、方法原理的水质分析综合指导书。本书内容主要包括三部分。一是实验室基本操作理论;二是国内正在使用的哈希分析方法的详细介绍;三是哈希分析方法的原理以及饮用水卫生标准等。 |
| ● |
| 相关链接 |
|
|
|
|
正题名:水质分析实用手册
索取号:O661.1-62/6
 
预约/预借
| 序号 | 登录号 | 条形码 | 馆藏地/架位号 | 状态 | 备注 |
| 1 | 546185 | 205461855 | 第二样本阅览室/ [索取号:O661.1-62/6] | 在馆 | |
| 2 | 546186 | 205461864 | 密集书库-化学系/ [索取号:O661.1-62/6] | 在馆 | |
| 3 | 546187 | 205461873 | 第三借阅区/ [索取号:O661.1-62/6] | 在馆 |